000 01148cad a22002415a 4500
001 E148066
008 090720s2009 xxkd f s 000 0 eng d
035 _a(Sirsi) u148066
041 0 _aeng
050 0 4 _a333.33 $2 18
110 2 _aColliers CRE
_95075
245 0 0 _aProperty snapshot
_bJuly 2009
_h[electronic resource]
260 _aLondon
_bColliers
_c2009
490 0 _aProperty Snapshot
_vJuly 2009
520 _aSuggests that confidence is slowly increasing, although predicts that the full effects of fiscal and monetary stimuli will not be felt until Q3 and Q4 2009. Reports that house prices and the mortgage market are stabilising however there are not many properties available as sellers are waiting for the market to improve before putting property on the market. Also looks at the commercial property market.
521 _aAdvanced
590 _aKA
650 2 4 _aCOLLIERS PROPERTY SNAPSHOT
651 4 _aUnited Kingdom
_y
690 _aPROPERTY-COMMERCIAL PROPERTY-COMMERCIAL PROPERTY MARKET
856 4 0 _uhttps://www.colliers.com/
_zView this report free of charge under market reports at www.colliers.com...
942 _n0
999 _c109864
_d109864